Gandhi and non- violence / (Record no. 93495)

MARC details
000 -LEADER
fixed length control field 00621nam a22002057a 4500
005 - DATE AND TIME OF LATEST TRANSACTION
control field 20150611145914.0
010 ## - LCCN (DPL NO)
LC control number ENG-113005
020 ## - INTERNATIONAL STANDARD BOOK NUMBER
International Standard Book Number 9788179104422
Terms of availability 495.00
035 ## - SYSTEM CONTROL NUMBER
System control number EN-96537
037 ## - SOURCE OF ACQUISITION
Source of stock number/acquisition DBAD/PUB
082 ## - DEWEY DECIMAL CLASSIFICATION NUMBER
Classification number 303.61
100 ## - MAIN ENTRY--PERSONAL NAME
Personal name Rawat, Rajesh
245 ## - TITLE STATEMENT
Title Gandhi and non- violence /
Statement of responsibility, etc by Rajesh Rawat [and] Ashok Sharma
260 ## - PUBLICATION, DISTRIBUTION, ETC. (IMPRINT)
Place of publication, distribution, etc Jaipur
Name of publisher, distributor, etc Aavishkar Publishers
Date of publication, distribution, etc 2013
270 ## - ADDRESS
Address 807, Vyas Building, Chaura Rasta
City Jaipur
Postal code 302003
300 ## - PHYSICAL DESCRIPTION
Extent x,134p.
Dimensions 22cm(Hb)
500 ## - GENERAL NOTE
General note Includes bibliographical references
700 ## - ADDED ENTRY--PERSONAL NAME
Personal name Sharma, Ashok
942 ## - ADDED ENTRY ELEMENTS (KOHA)
Source of classification or shelving scheme Dewey Decimal Classification
Item type English Books
Call number suffix RAW
Classification part 303.61
Holdings
Withdrawn status Lost status Not for loan Collection code Home library Current library Date acquired Source of acquisition Cost, normal purchase price Full call number Barcode Copy number Cost, replacement price Koha item type
    Not For Loan Non-fiction D.B.Act.Division D.B.Act.Division 12/05/2015 DBAD / PUB 495.00 303.61 RAW EN-96537 1 495.00 English Books

© Delhi Public Library
Hit Counter
free hit counter